Statistics for Country Superlatives by Letter - G

Click here to take the quiz!

General Stats

  • This quiz has been taken 231 times
  • The average score is 5 of 10

Answer Stats

CategoryCountry% Correct
Most PopulousGermany
92%
EasternmostGeorgia
59%
Lowest Life ExpectancyGuinea-Bissau
59%
Greatest Surface AreaGermany
58%
Longest CoastlineGreece
56%
SouthernmostGabon
49%
Highest Birth RateGambia
42%
Highest ElevationGeorgia
40%
Least GDP (PPP)Grenada
38%
Most National ParksGuatemala
33%

Score Distribution

Percentile by Number Answered

Percent of People with Each Score

Your Score History

You have not taken this quiz